| 000 | 00669nam a2200229Ii 4500 | ||
|---|---|---|---|
| 003 | JO-AjNU | ||
| 008 | 230605s9999||||xx |||||||||||||| ||und|| | ||
| 017 | _a1990/4652 | ||
| 020 | _a977-225-000-4 | ||
| 040 |
_aJO-AjNU _bara _erda _cJO-AjNU |
||
| 041 | _aara | ||
| 050 | 1 | 4 | _aBP131.6.S26 1990 |
| 100 | 3 |
_aصقر، عبد البديع, _eauthor _918490 |
|
| 245 | 0 | 0 | _aالتجويد وعلوم القران |
| 250 | _aط9 | ||
| 264 | 3 | 1 | _aالقاهرة: مكتبة وهبة، 1990 |
| 300 | _a115ص | ||
| 336 |
_atext _btxt _2rdacontent |
||
| 337 |
_aunmediated _bn _2rdamedia |
||
| 338 |
_avolume _bnc _2rdacarrier |
||
| 650 | 4 |
_aالقران - تجويد _918491 |
|
| 999 |
_aA5923 _c9491 _d9491 |
||